000 00446nam a22001217a 4500
020 _a9780199402229
100 _aAli Khan and Ali Nobil Ahmad (Ed)
245 _aCinema and society film and social change in Pakistan
260 _aKarachi
_bOxford university press
_c2016
300 _a398p
942 _cBK
999 _c3452
_d3452